| 000 | 00458nam a22001697a 4500 | ||
|---|---|---|---|
| 003 | NUST - PNEC | ||
| 005 | 20170116181130.0 | ||
| 008 | 151006b xxu||||| |||| 00| 0 eng d | ||
| 020 | _a1860941176 | ||
| 040 | _cLIBRARY | ||
| 082 | _a629.47445 HYD | ||
| 100 |
_913925 _aHyder, A. K. |
||
| 245 |
_aSpacecraft power technologies: Vol 1 _cA. K. Hyder |
||
| 260 | _cc.2000 | ||
| 650 |
_913928 _aSpace vehicles--Auxiliary power supply _xME |
||
| 942 |
_2ddc _cBK |
||
| 999 |
_c69937 _d69937 |
||